Creation and evaluation/ (Record no. 164330)

MARC details
000 -LEADER
fixed length control field 00537nam a2200181 4500
005 - DATE AND TIME OF LATEST TRANSACTION
control field 20190516123057.0
010 ## - LCCN (DPL NO)
LC control number ENG-125194
020 ## - INTERNATIONAL STANDARD BOOK NUMBER
International Standard Book Number 9788186098134
Terms of availability 800.00
035 ## - SYSTEM CONTROL NUMBER
System control number EN-108726
037 ## - SOURCE OF ACQUISITION
Source of stock number/acquisition DBAD/PUB
082 ## - DEWEY DECIMAL CLASSIFICATION NUMBER
Classification number 881
100 ## - MAIN ENTRY--PERSONAL NAME
Personal name Vijay Vishal
245 ## - TITLE STATEMENT
Title Creation and evaluation/
Statement of responsibility, etc by Vijay Vishal
260 ## - PUBLICATION, DISTRIBUTION, ETC. (IMPRINT)
Place of publication, distribution, etc Jaipur
Name of publisher, distributor, etc Popular Book Depot
Date of publication, distribution, etc 2014
270 ## - ADDRESS
Address Dhamani Street, Chaura Rasta
City Jaipur
Telephone number 9829089555
Electronic mail address pbdjpr@rediffmail.com
300 ## - PHYSICAL DESCRIPTION
Extent xiv,384p.
Dimensions 22cm(Hb)
942 ## - ADDED ENTRY ELEMENTS (KOHA)
Source of classification or shelving scheme Dewey Decimal Classification
Item type English Books
Classification part 881
Call number suffix VIJ
Holdings
Withdrawn status Lost status Not for loan Collection code Home library Current library Date acquired Source of acquisition Cost, normal purchase price Full call number Barcode Copy number Cost, replacement price Koha item type
      Non-fiction Sarojini Nagar Sarojini Nagar 16/05/2019 DBAD/PUB 800.00 881 VIJ EN-108726 1 800.00 English Books

© Delhi Public Library
Hit Counter
free hit counter